[Event "BCF-chT2a 1112 (4NCL)"]
[Site "England"]
[Date "2012.01.14"]
[Round "3.7"]
[White "Balaji, Ananthanarayanan"]
[Black "Birtwistle, Nigel"]
[Result "1/2-1/2"]
[WhiteElo "1817"]
[BlackElo "2173"]
[PlyCount "47"]
[EventDate "2011.11.12"]
[EventType "team-tourn"]
[EventRounds "7"]
[EventCountry "ENG"]
[SourceTitle "EXT 2013"]
[Source "ChessBase"]
[SourceDate "2012.11.22"]
[SourceVersion "1"]
[SourceVersionDate "2012.11.22"]
[SourceQuality "1"]
[WhiteTeam "Kings Head"]
[BlackTeam "Pandoras Box"]
[WhiteTeamCountry "ENG"]
[BlackTeamCountry "ENG"]

1. e4 c5 2. Nc3 g6 3. g3 Bg7 4. Bg2 Nc6 5. d3 d6 6. Be3 Nf6 7. h3 0-0 8. Qd2 Nd4 9. Nd1 e5 10. c3 Nc6 11. Bh6 d5 12. Bxg7 Kxg7 13. exd5 Nxd5 14. Ne3 Nxe3 15. Qxe3 Qb6 16. 0-0-0 Be6 17. h4 h5 18. Nf3 f6 19. Kb1 Rad8 20. Rhe1 Rfe8 21. Nd2 Qa6 22. Nb3 Bxb3 23. axb3 Qb6 24. b4 1/2-1/2

[Event "Gatwick e2e4 int op-B"]
[Site "Gatwick"]
[Date "2011.10.29"]
[Round "6"]
[White "Ai, Farshad"]
[Black "Balaji, Ananthanarayanan"]
[Result "1-0"]
[WhiteElo "1962"]
[BlackElo "1598"]
[PlyCount "71"]
[EventDate "2011.10.26"]
[EventType "swiss"]
[EventRounds "9"]
[EventCountry "ENG"]
[SourceTitle "EXT 2014"]
[Source "ChessBase"]
[SourceDate "2013.11.20"]
[SourceVersion "1"]
[SourceVersionDate "2013.11.20"]
[SourceQuality "1"]

1. d4 d5 2. Bf4 Nf6 3. e3 c5 4. c3 Nc6 5. Nd2 Bf5 6. Ngf3 e6 7. Nh4 cxd4 8. exd4 Bg4 9. Nhf3 Bd6 10. Bxd6 Qxd6 11. Be2 0-0 12. 0-0 Bf5 13. Re1 Bg6 14. Bf1 Qf4 15. g3 Qc7 16. Bg2 Nd7 17. Nh4 Rfe8 18. Nxg6 hxg6 19. f4 b5 20. a3 Na5 21. Nf3 Nc4 22. Rb1 a5 23. Ng5 b4 24. axb4 axb4 25. Qg4 Nf6 26. Qd1 bxc3 27. bxc3 Ra3 28. Rc1 Qa5 29. Qf3 Rb8 30. Re2 Rbb3 31. Rec2 Ra2 32. Bf1 Rxc2 33. Rxc2 Na3 34. Rc1 Rb2 35. Qd1 Nc4 36. Rc2 1-0

[Event "Gatwick e2e4 int op-B"]
[Site "Gatwick"]
[Date "2011.10.29"]
[Round "7"]
[White "Balaji, Ananthanarayanan"]
[Black "Jain, Radha"]
[Result "1-0"]
[WhiteElo "1598"]
[BlackElo "1877"]
[PlyCount "79"]
[EventDate "2011.10.26"]
[EventType "swiss"]
[EventRounds "9"]
[EventCountry "ENG"]
[SourceTitle "EXT 2014"]
[Source "ChessBase"]
[SourceDate "2013.11.20"]
[SourceVersion "1"]
[SourceVersionDate "2013.11.20"]
[SourceQuality "1"]

1. e4 c5 2. Nc3 e6 3. g3 Nc6 4. Bg2 g6 5. d3 Bg7 6. Be3 b6 7. Qd2 Nge7 8. Bh6 0-0 9. h4 d5 10. h5 Bf6 11. Bxf8 Qxf8 12. exd5 exd5 13. Nxd5 Bxb2 14. Rb1 Nxd5 15. Bxd5 Qd6 16. c4 Qe5+ 17. Ne2 Bg4 18. Qxb2 Nd4 19. f3 Re8 20. Be4 Bxf3 21. Bxf3 Qxg3+ 22. Kd2 Nxf3+ 23. Kc3 Qe5+ 24. Kb3 Qxe2 25. Qxe2 Nd4+ 26. Ka3 Rxe2 27. hxg6 fxg6 28. Rh6 Rd2 29. Rbh1 Rxd3+ 30. Kb2 Rd2+ 31. Kc3 Rc2+ 32. Kd3 Rxa2 33. Rxh7 Ra3+ 34. Ke4 a5 35. Rb7 Rb3 36. Rhh7 Nf5 37. Rhd7 Re3+ 38. Kf4 Kf8 39. Rf7+ Kg8 40. Rxf5 1-0

[Event "Gatwick e2e4 int op-B"]
[Site "Gatwick"]
[Date "2011.10.28"]
[Round "5"]
[White "Balaji, Ananthanarayanan"]
[Black "Matthews, Adrian MS"]
[Result "1/2-1/2"]
[WhiteElo "1598"]
[BlackElo "1913"]
[PlyCount "45"]
[EventDate "2011.10.26"]
[EventType "swiss"]
[EventRounds "9"]
[EventCountry "ENG"]
[SourceTitle "EXT 2014"]
[Source "ChessBase"]
[SourceDate "2013.11.20"]
[SourceVersion "1"]
[SourceVersionDate "2013.11.20"]
[SourceQuality "1"]

1. e4 c5 2. Nc3 Nc6 3. g3 g6 4. Bg2 Bg7 5. d3 d6 6. Be3 Nf6 7. h3 Nd4 8. Qd2 Qa5 9. Nge2 e5 10. Bh6 0-0 11. Bxg7 Kxg7 12. f4 Nh5 13. Nxd4 cxd4 14. Ne2 Qxd2+ 15. Kxd2 Bd7 16. Bf3 Nf6 17. g4 Bc6 18. f5 g5 19. Ng3 h6 20. h4 Rh8 21. Rh2 Rh7 22. Rah1 Rah8 23. hxg5 1/2-1/2